| 000 | 00717cam a22001934a 4500 | ||
|---|---|---|---|
| 005 | 20250605164205.0 | ||
| 008 | 250528s ||||||||||||||||||||||||d | ||
| 035 | _a19894 | ||
| 020 | _a9608682916 | ||
| 040 |
_aGR-AtMCL _bgre _dGR-AtMCL _eAACR2 |
||
| 245 | 1 | _aΕφημερία | |
| 260 |
_bΦαρμακευτικός Κόσμος, _c2002 |
||
| 300 | _a56 | ||
| 520 | _aΟι ώρες εφημερίας πολλές, καμιά φορά 36 ή 48 σερί. Η κούραση στο maximum. Τα πόδια πρησμένα από την ορθοστασία κι όμως την περιμέναμε πώς και πώς. | ||
| 700 | 1 |
_aΓαζή Βέρα _96045 |
|
| 942 | _cBK | ||
| 999 |
_c5137 _d5137 |
||